01464nam a2200289 a 450000100100000000500170001000800410002704000250006808200150009311001050010824501300021326001000034330000360044349000470047970000310052670000360055770000280059370000380062170000350065970000300069483000550072404900090077995201280078895201220091695201190103899900170115700002768820250607073643.0110404s1998 dr ac 000 0 spa d aDO-SdBNPbspacBNPHU axxxbR426s1 aRepública Dominicana. b Secretaria de Estado de Salud Pública y Asistencia Social (2001)95654910aSalud sexual y reproductiva. Cómo promocionar la salud /cAngela de León Navarro...[et. al]bcomó promocionar la salud. aSanto Domingo :bConsejo Nacional de Población y Familia -CONAPOFA-,bEl nuevo Diario,c1998. a100 p. :bil., retrs. ;c21 cm.1 aCuadernnos de población y familiavno. 21 aBonelly, Daniaeed.9547671 aLeón Navarro, Angela de924271 aTerrero, Ángel9547681 aOrlando Jiménez, Ramón9547691 aRodríguez, Bienvenida9498881 aBergés, Virginia954770 0aCuadernos de población y familia ;vno. 2954771 aBNPD 001052708DSaGRbGRcHDd2013-07-11iLF1l0oxxx R426sp27688-30r2020-06-25te. 3w2020-06-25yLFDSZPréstamo interno 001054708PDaPDbPDcHDd2011-04-04iLF1l0oxxx R426sp27688-10r2020-06-25w2020-06-25yLFPDZPréstamo en sala 0010718PDaPDbPDcHDd2011-04-18iLF1l0oxxx R426sp27688-20r2020-06-25te. 2w2020-06-25yLFPDZNo se presta c27180d27180